00203nam a2200073Ia 4500008004100000100001400041245004600055260002800101170817s9999 xx 000 0 und d aSingh.S.P 0aBharat mein Shaikshik vyavastha ka vikas bAgarwal Prakashan Agara